000 01012cam a22001934a 4500
005 20250605164237.0
008 250528s ||||||||||||||||||||||||d
035 _a21204
020 _a9780071545990
040 _aGR-AtMCL
_bgre
_dGR-AtMCL
_eAACR2
245 1 _aStatistics in Psychology / 416 Fully Solved Problems
260 _bMcgraw Hill, Inc,
_c2009
300 _a254
520 _aPractice in frequency distributions, central tendency, inferential statistics, and more - Concise explanations of all probability and statistics concepts. Introduction to Statistics in Psychology, Graphing Quantitative and Qualitative Data, Central Tendency, Variability, Z-Scores, Elementary Probability, The Distribution of Sample Means, Introduction to Hypothesis Testing and the z-Test Statistics, The t-Test for Two Independent Samples, The t-Test for Two Related Samples, Answers to Supplementary Problems, Index.
700 1 _aStephens Larry J. Ph.D
_97227
942 _cBK
999 _c6271
_d6271